Lecciones de derecho político / (Record no. 113725)

MARC details
000 -LEADER
campo de control de longitud fija 00946nam a2200241 i 4500
001 - NÚMERO DE CONTROL
campo de control 113725
003 - IDENTIFICADOR DE NÚMERO DE CONTROL
campo de control ES-MaACL
005 - FECHA Y HORA DE LA ÚLTIMA TRANSACCIÓN
campo de control 20240419183718.0
007 - CAMPO FIJO DE DESCRIPCIÓN FÍSICA--INFORMACIÓN GENERAL
campo de control de longitud fija t|
008 - DATOS DE LONGITUD FIJA--INFORMACIÓN GENERAL
campo de control de longitud fija 061121s1984 sp |||| | spa d
100 1# - ENTRADA PRINCIPAL--NOMBRE DE PERSONA
Nombre de persona Pacheco, Joaquín Francisco,
Fechas asociadas al nombre 1808-1865
9 (RLIN) 88121
245 10 - MENCIÓN DEL TÍTULO
Título Lecciones de derecho político /
Mención de responsabilidad, etc. Joaquín F. Pacheco ; estudio preliminar por Francisco Tomás y Valiente.
260 ## - PUBLICACIÓN, DISTRIBUCIÓN, ETC.
Lugar de publicación, distribución, etc. Madrid :
Nombre del editor, distribuidor, etc. Centro de Estudios Constitucionales,
Fecha de publicación, distribución, etc. 1984.
300 ## - DESCRIPCIÓN FÍSICA
Extensión LV, 193 p. 1 lám. retr. ;
Dimensiones 22 cm.
490 1# - MENCIÓN DE SERIE
Mención de serie Clásicos del constitucionalismo español ;
Designación de volumen o secuencia 5
650 04 - PUNTO DE ACCESO ADICIONAL DE MATERIA--TÉRMINO DE MATERIA
Término de materia o nombre geográfico como elemento de entrada Derecho político-
Subdivisión geográfica España-
Subdivisión de forma Historia.
9 (RLIN) 161743
700 0# - ENTRADA AGREGADA--NOMBRE PERSONAL
Nombre de persona Tomás y Valiente, Francisco,
Fechas asociadas al nombre 1932-1996
9 (RLIN) 110535
710 2# - ENTRADA AGREGADA--NOMBRE DE ENTIDAD CORPORATIVA
Nombre de entidad corporativa o nombre de jurisdicción como elemento de entrada Centro de Estudios Constitucionales (España)
9 (RLIN) 2618
830 1# - PUNTO DE ACCESO ADICIONAL DE SERIE-TÍTULO UNIFORME
Título uniforme Clásicos del constitucionalismo español ;
Designación de volumen o secuencia 5
9 (RLIN) 185739
852 ## - LOCALIZACIÓN
Ubicación ES-MaACL
Número de control de estantería L-7767
852 ## - LOCALIZACIÓN
Ubicación ES-MaACL
Número de control de estantería L-8033
Holdings
Estatus retirado Estado de pérdida Estado de daño No para préstamo Biblioteca de origen Biblioteca actual Ubicación en estantería Fecha de adquisición Fuente de adquisición Total de préstamos Signatura topográfica completa Código de barras Visto por última vez Precio de reemplazo Tipo de ítem Koha
        Biblioteca del Ateneo de Madrid Biblioteca del Ateneo de Madrid Depósito 2 17/01/2008     L-8033 1118607 23/02/2023 23/02/2023 Libro impreso
        Biblioteca del Ateneo de Madrid Biblioteca del Ateneo de Madrid Depósito 2 17/01/2008     L-7767 1118606 23/02/2023 23/02/2023 Libro impreso